| 000 | 00497nam a2200169 4500 | ||
|---|---|---|---|
| 001 | 131972 | ||
| 003 | ES-MaACL | ||
| 005 | 20251012063053.0 | ||
| 007 | t| | ||
| 008 | 070214m19001920sp r ||||1| spa d | ||
| 100 | 1 |
_aRodríguez Pinilla, Hipólito, _d1860-1936 _998733 |
|
| 245 | 1 | 0 |
_aManual de Hidrología médica / _cpor H. Rodríguez Pinilla. |
| 260 |
_aBarcelona : _bJosé Gallach, _c[19__?] |
||
| 300 |
_a164 p. ; _c16 cm. |
||
| 852 |
_aES-MaACL _jE-311 |
||
| 999 |
_c131972 _d131972 |
||